Svetozár Abel. Maliarske dielo

Bibliographic Details
Corporate Author: Galéria M. A. Bazovského (Trenčín, Slovensko)
Other Authors: Abel, Svetozár, 1929-1986 (Photographer)
Format: Book
Language:Slovak
PhysicalDescription:20 s. 20 x 20,5 cm
Published: Trenčín Oblastná galéria M. A. Bazovského 1990
Edition:1. vyd.
Subjects:

MARC

LEADER 00000nam a2200000 a 4500
001 vtls001205122
003 SK-MaSNL
005 20260301051409.0
008 210928s1990 xo f c 00000dslo
035 |a SNK000148192 
040 |a SNK  |b slo  |c SNK  |e AACR2 
041 0 |a slo 
044 |a xo  |c SK 
080 |a 75.071.1:061.4(083.9)  |2 1981 
080 |a 061.4(083.9)  |2 1981 
080 |a 069.6.02  |2 1981 
080 |a 73/76  |2 1981 
080 |a 929 Abel, Svetozár  |2 1981 
245 0 0 |a Svetozár Abel. Maliarske dielo  |c Marián Kvasnička, Soňa Mosná, Svetozár Abel 
250 |a 1. vyd. 
260 |a Trenčín  |b Oblastná galéria M. A. Bazovského  |c 1990 
300 |a 20 s.  |c 20 x 20,5 cm 
366 |e 300 výt. 
500 |a Uspor. Oblastná galéria M. A. Bazovského, Trenčín v septembri 1990. Komisár výst. Marián Kvasnička. Graf. úpr. Soňa Mosná. Reprofoto Svetozár Abel. 
504 |a Biogr. údaje 
600 1 7 |a Abel, Svetozár,  |d 1929-1986  |2 SNKKA  |9 38193 
650 0 7 |a slovenskí výtvarní umelci  |2 SNKPH  |9 83355 
650 0 7 |a maliarstvo  |2 SNKPH  |9 812 
650 0 7 |a Slovak artists  |2 SNKPH  |9 302964 
650 0 7 |a Painting  |2 SNKPH  |9 294628 
655 7 |a katalógy výstav  |2 SNK  |9 70445 
700 1 |a Kvasnička, Marián,  |d 1955-  |4 oth  |9 133689 
700 1 |a Mosná, Soňa  |4 bkd  |9 45889 
700 1 |a Abel, Svetozár,  |d 1929-1986  |4 pht  |9 38193 
710 2 |a Galéria M. A. Bazovského (Trenčín, Slovensko)  |9 163389 
958 |a BX 
958 |a OND 
999 |c 603244  |d 605174 
952 |t P60, <04>, [BOOK], {604}  |a SNK  |b SNK  |y VYP  |7 0  |p 17A0169934  |o snkOSD 6978 D1  |0 0  |1 0  |4 0  |d 1998-11-12  |l 0  |r 2005-01-01 00:00:00  |w 2026-02-23